NBS chce podporiť ekonomický rast ďalším znižovaním inflácie

Nosná myšlienka menového programu NBS na r.1995 - podpora ekonomického rastu výrazným posunom stabilizácie meny vnútornej (zníženie inflácie) aj vonkajšej (udržanie výmenného kurzu Sk). Vývoj zloženia menového koša slovenskej koruny (1981-1994).

Saved in:
Bibliographic Details
Main Author: Kovalčík, J.
Format: Book Chapter
Language:Slovak
Subjects:
Tags: Add Tag
No Tags, Be the first to tag this record!

MARC

LEADER 00000naa a2200000 4500
001 r024339
005 20221205103024.6
041 0 |a slo 
044 |a SK 
245 1 0 |a NBS chce podporiť ekonomický rast ďalším znižovaním inflácie  |c J. Kovalčík 
520 |a Nosná myšlienka menového programu NBS na r.1995 - podpora ekonomického rastu výrazným posunom stabilizácie meny vnútornej (zníženie inflácie) aj vonkajšej (udržanie výmenného kurzu Sk). Vývoj zloženia menového koša slovenskej koruny (1981-1994). 
610 2 0 |a NBS Bratislava 
610 2 0 |a program menový 
610 2 0 |a Slovensko 
610 2 0 |a 1995 
610 2 0 |a banky emisné 
610 2 0 |a rast hospodársky 
610 2 0 |a politika menová 
610 2 0 |a mena 
610 2 0 |a inflácia 
610 2 0 |a kurz výmenný 
610 2 0 |a koruna 
610 2 0 |a vklady 
610 2 0 |a banky obchodné 
610 2 0 |a úrok 
610 2 0 |a bilancia platobná 
610 2 0 |a sadzby diskontné 
100 1 |a Kovalčík, J.